| 000 -ლიდერი |
| ფიქსირებული სიგრძის საკონტროლო ველი |
00710nam a22001817a 4500 |
| 003 - საკონტროლო ნომრის იდენტიფიკატორი |
| საკონტროლო ველი |
Ge_BSU |
| 005 - ბოლო ოპერაციის თარიღი და დრო |
| საკონტროლო ველი |
20260304121256.0 |
| 008 - ფიქსირებული სიგრძის მონაცემთა ელემენტები - ზოგადი ინფორმაცია |
| ფიქსირებული სიგრძის საკონტროლო ველი |
260304s2005 enk||||| |||| 00| 0 eng d |
| 020 ## - წიგნის საერთაშორისო სტანდარტული ნომერი |
| International Standard Book Number |
9781403949448x |
| 041 ## - ენის კოდი |
| Language code of text/sound track or separate title |
eng |
| 080 ## - უნივერსალური ათობითი კლასიფიკაციის ინდექსი |
| Universal Decimal Classification number |
396 :316.346.2 : 330.34 (520) G-36 |
| 245 ## - ცნობა სათაურის შესახებ |
| Title |
Gender and Development : |
| Remainder of title |
The Japanese Experience in Comparative Perspective / |
| Statement of responsibility, etc |
Edited by M. Murayama. |
| 264 ## - წარმოების, გამოცემის, დისტრიბუციის და სხვა ცნობები |
| გამოცემის, წარმოების, დისტრიბუციის... ადგილი |
New York : |
| გამოცემის, წარმოების, დისტრიბუციის... სახელწოდება |
Palgrave Macmillan, |
| გამოცემის, წარმოების, დისტრიბუციის... თარიღი |
2005. |
| 300 ## - ფიზიკური აღწერა |
| Extent |
266 p.; |
| Other physical details |
22 cm. |
| 653 ## - INDEX TERM--UNCONTROLLED |
| Uncontrolled term |
გენდერი და განვითარება: იაპონური გამოცდილება |
| 700 ## - ADDED ENTRY--PERSONAL NAME |
| Personal name |
Murayama, M. |
| Relator term |
რედაქტორი |
| 9 (RLIN) |
27042 |
| 942 ## - ADDED ENTRY ELEMENTS (KOHA) |
| Source of classification or shelving scheme |
|
| Koha item type |
წიგნი |